| 000 | 00870nam a2200217 u 4500 | ||
|---|---|---|---|
| 005 | 20231025063621.0 | ||
| 008 | 151110s1985 mx r 000 0 spa d | ||
| 020 | _a9683404340 (Obra completa) | ||
| 035 | _aUPN01000206672 | ||
| 049 | _aC | ||
| 050 | 4 |
_aNX440 _bS7.2 |
|
| 100 | 1 |
_aStierlin, Henri, _d1928- _938220 |
|
| 245 | 1 | 0 |
_aArte y esplendor del mundo / _ctexto y fots. de Henri Stierlin ; tr. Manuel Arbolí. |
| 260 |
_aMéxico : _bPromexa, _c1985. |
||
| 300 |
_a12 v. : _bil. col. |
||
| 500 | _aFaltan los v.3, 7, 11 y 12 | ||
| 505 | 8 |
_aContenido : _gv.1. _tIndia -- _gv.2. _tGrecia-- _gv.3. _tTierra santa -- _gv.4. _tEspaña -- _gv.5. _tAmérica precolombina -- _gv.6. _tArabia -- _gv.7. _tJapón -- _gv.8. _tAngkor (Camboya) -- _gv.9. _tRusia -- _gv.10. _tRoma -- _gv.11. _tEgipto -- _gv.12. _tPersia |
|
| 650 | 4 |
_aArte _xHistoria _92484 |
|
| 905 | _aLibro | ||
| 999 |
_c178773 _d178773 |
||